00481nam a22001577a 450000500170000000800410001702000310005804100130008908200150010210000250011724500510014225000200019326000520021330000330026565000250029820231128134643.0231128b |||||||| |||| 00| 0 eng d a0133109291 ; 9780133109290 aEnglish  a340.1 ORL  aOrlik, DK lEnglish  aEthics for the Legal Professional / cDK Orlik aEighth Edition  aUnited States of America :bPearson Inc, c2008 bxxii, 329 pages ; c26 cm.  aLegal practice bLaw